Auditing theory : (Record no. 4042)

MARC details
000 -LEADER
fixed length control field 00560nam a22001817a 4500
003 - CONTROL NUMBER IDENTIFIER
control field OSt
005 - DATE AND TIME OF LATEST TRANSACTION
control field 20250819023608.0
008 - FIXED-LENGTH DATA ELEMENTS--GENERAL INFORMATION
fixed length control field 250819b |||||||| |||| 00| 0 eng d
040 ## - CATALOGING SOURCE
Original cataloging agency DWCL-Main Lib
Transcribing agency OC
082 ## - DEWEY DECIMAL CLASSIFICATION NUMBER
Edition number Fil. 657.45 B189a 2005
100 ## - MAIN ENTRY--PERSONAL NAME
Personal name Ballada, Susan
245 ## - TITLE STATEMENT
Title Auditing theory :
Remainder of title audit and assurance services
Statement of responsibility, etc. Susan Ballada, Win Lu Ballada
260 ## - PUBLICATION, DISTRIBUTION, ETC.
Place of publication, distribution, etc. Manila :
Name of publisher, distributor, etc. DomDane Publishers,
Date of publication, distribution, etc. c2005.
300 ## - PHYSICAL DESCRIPTION
Extent xix, 359 pages ;
Dimensions 25 cm.
650 ## - SUBJECT ADDED ENTRY--TOPICAL TERM
Topical term or geographic name entry element Auditing.
700 ## - ADDED ENTRY--PERSONAL NAME
Personal name Ballada, Win Lu
942 ## - ADDED ENTRY ELEMENTS (KOHA)
Source of classification or shelving scheme Dewey Decimal Classification
Koha item type Book-Filipiniana
Edition 2nd edition
Call number prefix Fil.
Suppress in OPAC No
952 ## - LOCATION AND ITEM INFORMATION (KOHA)
--
952 ## - LOCATION AND ITEM INFORMATION (KOHA)
--
952 ## - LOCATION AND ITEM INFORMATION (KOHA)
--
952 ## - LOCATION AND ITEM INFORMATION (KOHA)
--
952 ## - LOCATION AND ITEM INFORMATION (KOHA)
--
952 ## - LOCATION AND ITEM INFORMATION (KOHA)
--
952 ## - LOCATION AND ITEM INFORMATION (KOHA)
--
952 ## - LOCATION AND ITEM INFORMATION (KOHA)
--
952 ## - LOCATION AND ITEM INFORMATION (KOHA)
--
Holdings
Withdrawn status Lost status Source of classification or shelving scheme Damaged status Not for loan Home library Current library Shelving location Date acquired Source of acquisition Total Checkouts Full call number Barcode Date last seen Copy number Price effective from Koha item type Uniform Resource Identifier
    Dewey Decimal Classification     College Library College Library Filipiniana 06/05/2007 Donation   Fil. 657.45 B189a 2005 CL44723 08/19/2025 c9 08/19/2025 BK - FIL
    Dewey Decimal Classification     College Library College Library Filipiniana 06/05/2007 Donation   Fil. 657.45 B189a 2005 CL44722 08/19/2025 c8 08/19/2025 BK - FIL
    Dewey Decimal Classification     College Library College Library Filipiniana 06/05/2007 Donation   Fil. 657.45 B189a 2005 CL44721 08/19/2025 c7 08/19/2025 BK - FIL
    Dewey Decimal Classification     College Library College Library Filipiniana 06/05/2007 Donation   Fil. 657.45 B189a 2005 CL44720 08/19/2025 c6 08/19/2025 BK - FIL
    Dewey Decimal Classification     College Library College Library Filipiniana 06/05/2007 Donation   Fil. 657.45 B189a 2005 CL44719 08/19/2025 c5 08/19/2025 BK - FIL
    Dewey Decimal Classification     College Library College Library Filipiniana 06/05/2007 Donation   Fil. 657.45 B189a 2005 CL44718 08/19/2025 c4 08/19/2025 BK - FIL
    Dewey Decimal Classification     College Library College Library Filipiniana 06/05/2007 Donation   Fil. 657.45 B189a 2005 CL44717 08/19/2025 c3 08/19/2025 BK - FIL
    Dewey Decimal Classification     College Library College Library Filipiniana 06/05/2007 Donation   Fil. 657.45 B189a 2005 CL44716 08/19/2025 c2 08/19/2025 BK - FIL
    Dewey Decimal Classification     College Library College Library Filipiniana 06/05/2007 Donation   Fil. 657.45 B189a 2005 CL44715 08/19/2025 c1 08/19/2025 BK - FIL